Statistiques concernant Pays les plus proches du Niger - sprint d'une minute

Cliquez ici pour prendre le quiz!

Statistiques générales

  • Ce quiz a été pris 39 fois
  • Le résultat moyen est 13 sur 20

Statistiques - réponses

kmpays% Correct
0Nigeria
94%
0Mali
84%
612Mauritanie
84%
0Tchad
84%
0Algérie
77%
191Togo
77%
0Burkina Faso
74%
0Libye
74%
86Cameroun
71%
618Côte d'Ivoire
71%
265Ghana
71%
0Bénin
65%
837Soudan
65%
1001Guinée
61%
701République
Centrafricaine
55%
1146Rép dém Congo
52%
952Égypte
42%
787Tunisie
42%
1185Gabon
32%
1007Guinée équatoriale
29%

Distribution des résultats

Percentile par nombre de réponses

% des personnes avec chaque résultat

Votre développement - résultats

Vous n’avez pas pris ce quiz